000 00801nam a22002297a 4500
999 _c166034
_d166034
005 20190711111832.0
010 _aB-29450
020 _a-
_c350.00
035 _aB-29450
037 _bBPPD/Ven.
_adpl
082 _a841.08
100 _aشہپر ر سو ل
245 _aا ر د و غز ل ميں پيکر تر ا شی (آ ز ا د ی کے بعد)
_cشہپر ر سو ل
_hUrdu
246 _aUrdu Ghazal mein Paikar Tarashi (Urdu)
_bby Shhpar Rasool
260 _aN.Delhi 110025
_bMaktaba Jamia Ltd.
_c1999
270 _aUrdu Deptt.Jamia Millia Islamia Jamia Ngr.
300 _a524ص
_c22cm(Hb)
490 _aJaico illustrated classics series
942 _2ddc
_cUR
_mدج ی
_h841.08